00577 2200217 4500001002100000005001500021035002000036007000300056008004100059020002200100082001000122084001600132100002300148245006200171250001000233260004900243300003500292650001000327990000900337990001300346INLIS00000000000018420170913102742 a0010-0917000170ta170913 0 ind  a978-979-1409-28-5 a297.5 a297.5 SAI b0 aGhofur Saiful Amin1 aBahaya Akhlak Tercela /cSaiful Amin Ghofur,S.Th.I.,M.S.I aCet.1 aYogyakarta :bPT Pustaka Insan Madani,c2007 a60 hlm :b.ilus ;c15 x21,5 cm aAgama a2597 a1072 067